| 000 | 00510nam a22001817a 4500 | ||
|---|---|---|---|
| 003 | CEME | ||
| 005 | 20210628210537.0 | ||
| 008 | 210209b xxu||||| |||| 00| 0 eng d | ||
| 020 | _a0-471-14890-3 | ||
| 040 | _c. | ||
| 082 | _a006.31 MAC | ||
| 100 |
_aTaylor, C.C Nakhaeizadeh, G _979872 |
||
| 245 | _aMachine learning and statistics the inerface | ||
| 260 |
_aNEW YORK _bJOHN WILEY _c1997 |
||
| 300 | _a351 | ||
| 650 |
_aMACHINE LEARNING DATA PROCESSING MATHEMATICAL STATISTICS _979873 |
||
| 942 |
_cBK _2ddc |
||
| 999 |
_c584860 _d584860 |
||